Library Logo

Pioneer International University Library Catalogue

WORLD WAR 1/ (Record no. 9786)

MARC details
000 -LEADER
fixed length control field 00463nam a22001697a 4500
003 - CONTROL NUMBER IDENTIFIER
control field OSt
005 - DATE AND TIME OF LATEST TRANSACTION
control field 20251113070915.0
008 - FIXED-LENGTH DATA ELEMENTS--GENERAL INFORMATION
fixed length control field 251113b |||||||| |||| 00| 0 eng d
010 ## - LIBRARY OF CONGRESS CONTROL NUMBER
LC control number 9512300
020 ## - INTERNATIONAL STANDARD BOOK NUMBER
International Standard Book Number 080502848
040 ## - CATALOGING SOURCE
Transcribing agency TWENTY -FIRST CENTURY BOOKS
050 ## - LIBRARY OF CONGRESS CALL NUMBER
Classification number D 522.7 .G38 1995
Item number .G38 1995
245 ## - TITLE STATEMENT
Title WORLD WAR 1/
Statement of responsibility, etc. GAY ,KATHLYN & GAY, MMARTIN
250 ## - EDITION STATEMENT
Edition statement 1ST EDITION
260 ## - PUBLICATION, DISTRIBUTION, ETC.
Place of publication, distribution, etc. NEWYORK:
Name of publisher, distributor, etc. TWENTY FIRST CENTURY BOOKS,
Date of publication, distribution, etc. 1995
942 ## - ADDED ENTRY ELEMENTS (KOHA)
Source of classification or shelving scheme Library of Congress Classification
Koha item type Books
Suppress in OPAC No
Holdings
Withdrawn status Lost status Source of classification or shelving scheme Damaged status Not for loan Home library Current library Date acquired Total checkouts Barcode Date last seen Price effective from Koha item type
    Library of Congress Classification     PIU Library PIU Library 11/13/2025   PIUDL788 11/13/2025 11/13/2025 Books